| 000 | 00882 a2200205 4500 | ||
|---|---|---|---|
| 003 | Nust | ||
| 005 | 20170207153201.0 | ||
| 010 | _a 73091644 | ||
| 020 | _a0876208421 | ||
| 040 | _cNust | ||
| 082 | 0 | 0 | _a515 |
| 100 | 1 | _aSaltz, Daniel. | |
| 245 | 1 | 2 |
_aA short calculus: _ban applied approach. |
| 250 | _aRev. ed. | ||
| 260 |
_aPacific Palisades, Calif., _bGoodyear Pub. Co. _c[1974] |
||
| 300 |
_axii, 433 p. _billus. _c25 cm. |
||
| 505 | _aFunctions and Graphs (Page-1) Limits the Derivative (Page-25) Applications of the Derivative (Page-80) Supplementary Topics (Page-106) The Integral as an Area (Page-117) Sequences Exponential and Logarithmic Functions (Page-139) More on Integration (Page-170)Taylor Polynomials and series (Page-222) Multivariable Calculus (Page-235) The Trigonometric Functions (Page-290). | ||
| 538 | _aAlmirah No. 13 and Shelf No. 2 | ||
| 650 | 0 | _aCalculus. | |
| 942 |
_2ddc _cBK |
||
| 999 |
_c181006 _d181006 |
||